MARC

LEADER 00000nam0a2200000 4500
001 299458
005 20231102001214.0
035 |a (RuTPU)RU\TPU\book\324610 
090 |a 299458 
100 |a 20150629d1982 km y0rusy50 ca 
101 0 |a rus 
102 |a RU 
105 |a a z 001zy 
200 1 |a Количественная оценка процессов газонакопления  |f В. И. Ларин 
210 |a Москва  |c Недра  |d 1982 
215 |a 160 с.  |c ил. 
320 |a Библиогр.: с. 157-158 
606 1 |a Газовые месторождения  |x Происхождение  |2 stltpush  |3 (RuTPU)RU\TPU\subj\4648  |9 32895 
610 1 |a количественная оценка 
610 1 |a газонакопление 
610 1 |a генезис 
610 1 |a газообразование 
610 1 |a интенсивность 
610 1 |a термобарические условия 
610 1 |a миграция 
610 1 |a газовые залежи 
610 1 |a газоносность 
610 1 |a прогнозирование 
675 |a 552.578.2.061.3  |v 4 
700 1 |a Ларин  |b В. И.  |g Виктор Иванович 
801 1 |a RU  |b 63413507  |c 20150629 
801 2 |a RU  |b 63413507  |c 20180615  |g RCR 
942 |c BK